000 00332nam a2200145Ia 4500
008 210210b1959 xxu||||| |||| 00| 0 eng d
082 _a500 SCIE
100 _a-
245 _aScience news 53.
260 _aAustralia
_bPenguin Books
_c1959
300 _a127
650 _aScience news
690 _aPure Sciences
906 _a029226
999 _c80447
_d80447